Domestic energy assessor's handbook (Record no. 107973)

MARC details
000 -LEADER
fixed length control field 01766cam a22002895a 4500
001 - CONTROL NUMBER
control field L142787
008 - FIXED-LENGTH DATA ELEMENTS--GENERAL INFORMATION
fixed length control field 080310s2008 xxk f 000 0 eng d
020 ## - INTERNATIONAL STANDARD BOOK NUMBER
International Standard Book Number 9781842193754
035 ## - SYSTEM CONTROL NUMBER
System control number (Sirsi) u142787
041 0# - LANGUAGE CODE
Language code of text/sound track or separate title eng
050 04 - LIBRARY OF CONGRESS CALL NUMBER
Classification number 333.72 $2 18
100 1# - MAIN ENTRY--PERSONAL NAME
Personal name Parnham, Phil
245 00 - TITLE STATEMENT
Title Domestic energy assessor's handbook
260 ## - PUBLICATION, DISTRIBUTION, ETC.
Place of publication, distribution, etc. London
Name of publisher, distributor, etc. RICS
Date of publication, distribution, etc. 2008
300 ## - PHYSICAL DESCRIPTION
Extent 201p.
Other physical details col. ill.
Dimensions 30cm.
505 2# - FORMATTED CONTENTS NOTE
Formatted contents note The role of the domestic energy assessor -- Getting ready for business -- Preparing for the energy assessment -- The inspection phase -- Developing the core knowledge: construction -- Developing the core knowledge: hot water and heating systems -- Identification of the date of construction -- Selecting and entering the data into the program -- Making recommendations and the future of domestic energy assessment -- Appendix A: glossary of terms -- Appendix B: The National Occupational Standards for Domestic Energy Assessment -- Appendix C: case study: semi-detached three-bedroom property built in the 1930s -- Appendix D: extension/alternative wall protocol -- Index
520 ## - SUMMARY, ETC.
Summary, etc. Offers guidance on the role and function of a Domestic Energy Assessor. Discusses routes to qualification and background knowledge required. Explains how to carry out inspections of residential properties, how to apply an appropriate energy efficiency rating and recommendations for future energy saving.
521 ## - TARGET AUDIENCE NOTE
Target audience note Advanced
590 ## - LOCAL NOTE (RLIN)
Local note KA
650 24 - SUBJECT ADDED ENTRY--TOPICAL TERM
Topical term or geographic name entry element HOUSING ACT 2004 PART V
650 24 - SUBJECT ADDED ENTRY--TOPICAL TERM
Topical term or geographic name entry element RESIDENTIAL ENERGY PERFORMANCE CERTIFICATES
650 24 - SUBJECT ADDED ENTRY--TOPICAL TERM
Topical term or geographic name entry element HOME INFORMATION PACKS
651 #4 - SUBJECT ADDED ENTRY--GEOGRAPHIC NAME
Geographic name England and Wales
Chronological subdivision 1543-
690 ## - LOCAL SUBJECT ADDED ENTRY--TOPICAL TERM (OCLC, RLIN)
Topical term or geographic name as entry element ENVIRONMENTAL AND LAND CONSULTANCY-ENERGY-ENERGY USE-ENERGY EFFICIENCY
700 1# - ADDED ENTRY--PERSONAL NAME
Personal name Russen, Larry
942 ## - ADDED ENTRY ELEMENTS (KOHA)
Suppress in OPAC 0
Holdings
Withdrawn status Lost status Source of classification or shelving scheme Damaged status Not for loan Home library Current library Shelving location Date acquired Total Checkouts Full call number Barcode Date last seen Copy number Price effective from Koha item type
    Dewey Decimal Classification     London London Folio 02/05/2008   F333.72 PAR 30074722 06/08/2019 2 06/08/2019 Reference material
    Dewey Decimal Classification     London London RICS Boxes 02/05/2008   RICS 2008/14 30074720 06/08/2019 1 06/08/2019 Archive